[Event "Aeroflot Open 2011 B"]
[Site "Moscu RUS"]
[Date "2011.02.16"]
[Round "9.42"]
[White "Kremenietsky, Anatoly M"]
[Black "Zolotukhin, Valery"]
[Result "1-0"]
[WhiteElo "2372"]
[BlackElo "2348"]
[PlyCount "79"]
[EventDate "2011.02.08"]
[EventType "swiss"]
[EventRounds "9"]
[EventCountry "RUS"]
[Source "lmi"]
[SourceDate "2011.02.08"]

1. d4 Nf6 2. c4 c5 3. d5 e6 4. Nc3 exd5 5. cxd5 d6 6. Nf3 g6 7. g3 Bg7 8. Bg2
O-O 9. O-O Na6 10. Re1 Re8 11. Bf4 Ne4 12. Nxe4 Rxe4 13. Nd2 Rxf4 14. gxf4 Bxb2
15. Rb1 Bc3 16. Qc1 Bg7 17. a3 Rb8 18. e4 f6 19. h3 b5 20. Qc2 Qc7 21. a4 Bd7
22. axb5 Rxb5 23. Rxb5 Bxb5 24. Rb1 Qa5 25. Nc4 Bxc4 26. Qxc4 Nb4 27. h4 Qa4
28. h5 Qd7 29. hxg6 hxg6 30. f5 a5 31. Ra1 a4 32. Ra3 Bh6 33. Bh3 gxf5 34. Bxf5
Qe8 35. Rg3+ Kf8 36. Be6 Ke7 37. e5 Qh5 38. Qb5 Bg5 39. Qd7+ Kf8 40. exf6 1-0

[Event "Aeroflot Open 2011 B"]
[Site "Moscu RUS"]
[Date "2011.02.16"]
[Round "9.43"]
[White "Vishnu, Prasanna V"]
[Black "Tarasova, Viktoriya"]
[Result "1-0"]
[WhiteElo "2369"]
[BlackElo "2289"]
[PlyCount "89"]
[EventDate "2011.02.08"]
[EventType "swiss"]
[EventRounds "9"]
[EventCountry "RUS"]
[Source "lmi"]
[SourceDate "2011.02.08"]

1. e4 e5 2. Nf3 Nc6 3. Bb5 a6 4. Ba4 Nf6 5. O-O Be7 6. Re1 b5 7. Bb3 d6 8. c3
O-O 9. d4 Bg4 10. h3 Bxf3 11. Qxf3 exd4 12. Qd1 dxc3 13. Nxc3 Na5 14. Bc2 c5
15. Ne2 Nc6 16. Ng3 Nd4 17. Be3 Nxc2 18. Qxc2 g6 19. Rad1 Qc7 20. Bg5 Rfd8 21.
Qc1 Ne8 22. Ne2 Bxg5 23. Qxg5 f6 24. Qg3 Qf7 25. Nc3 Ra7 26. f4 Rad7 27. f5 Nc7
28. Rf1 b4 29. Na4 Ne8 30. b3 g5 31. Rf3 Qe7 32. Re3 Rb7 33. h4 h6 34. Qh2 Ng7
35. hxg5 hxg5 36. Rh3 Kf7 37. Rh7 Rg8 38. Rxd6 Rd7 39. Re6 Rd1+ 40. Kf2 Qd8 41.
Qh5+ Kf8 42. Rxf6+ Qxf6 43. Qxd1 Ke7 44. Nxc5 Qc6 45. Qd4 1-0

[Event "Aeroflot Open 2011 B"]
[Site "Moscu RUS"]
[Date "2011.02.16"]
[Round "9.44"]
[White "Yuferev, Oleg"]
[Black "Mammadova, Gulnar Marfat"]
[Result "0-1"]
[WhiteElo "2367"]
[BlackElo "2284"]
[PlyCount "106"]
[EventDate "2011.02.08"]
[EventType "swiss"]
[EventRounds "9"]
[EventCountry "RUS"]
[Source "lmi"]
[SourceDate "2011.02.08"]

1. Nf3 Nf6 2. c4 g6 3. Nc3 d5 4. cxd5 Nxd5 5. Qa4+ Bd7 6. Qb3 Nb6 7. d4 Bg7 8.
Bf4 Be6 9. Qc2 c6 10. e4 O-O 11. Rd1 N8d7 12. Be2 f6 13. O-O Bf7 14. Rfe1 Qe8
15. b3 e5 16. Be3 Qe7 17. h3 Kh8 18. Bf1 Rae8 19. dxe5 fxe5 20. Qd2 Nc5 21. Bg5
Qc7 22. Bh6 Ne6 23. Bxg7+ Kxg7 24. Qd6 Qxd6 25. Rxd6 Kf6 26. h4 h6 27. Red1 Rd8
28. Nh2 Rxd6 29. Rxd6 h5 30. Nf3 Rd8 31. Rxd8 Nxd8 32. Nd2 Ne6 33. f3 Ke7 34.
Kf2 Kd6 35. b4 Nd4 36. Bd3 c5 37. a3 cxb4 38. axb4 Nc6 39. b5 Nb4 40. Ke3 a5
41. bxa6 bxa6 42. g3 a5 43. f4 a4 44. fxe5+ Kxe5 45. Nf3+ Kf6 46. e5+ Kg7 47.
Ng5 N6d5+ 48. Nxd5 Bxd5 49. Bb1 Nc6 50. Be4 Bxe4 51. Kxe4 a3 52. Ne6+ Kf7 53.
Nc5 Na5 0-1

[Event "Aeroflot Open 2011 B"]
[Site "Moscu RUS"]
[Date "2011.02.16"]
[Round "9.45"]
[White "Malek, Daniel"]
[Black "Oganisjn, Roman"]
[Result "1-0"]
[WhiteElo "2340"]
[BlackElo "2293"]
[PlyCount "89"]
[EventDate "2011.02.08"]
[EventType "swiss"]
[EventRounds "9"]
[EventCountry "RUS"]
[Source "lmi"]
[SourceDate "2011.02.08"]

1. d4 Nf6 2. c4 c5 3. d5 e5 4. Nc3 d6 5. e4 Be7 6. g3 O-O 7. Bg2 Na6 8. Nge2
Nc7 9. O-O a6 10. a4 Rb8 11. a5 b5 12. axb6 Rxb6 13. Na4 Rb7 14. Bd2 Bd7 15.
Bc3 Na8 16. Qd3 Qe8 17. Nxc5 dxc5 18. Bxe5 Rb6 19. Bc3 Qc8 20. f4 Ne8 21. e5
Bf5 22. Be4 Bxe4 23. Qxe4 Qb7 24. Rad1 Rh6 25. Qg2 Nb6 26. b3 Nd7 27. d6 Qxg2+
28. Kxg2 Nxd6 29. exd6 Bxd6 30. g4 Rb8 31. Ng3 Rxb3 32. g5 Rg6 33. f5 Rxg5 34.
Rxd6 Rxc3 35. Rxd7 h5 36. Rf4 Rg4 37. Rxg4 hxg4 38. Ne4 Rxc4 39. Ng5 Rd4 40.
Rc7 Rd8 41. Rxc5 Ra8 42. Ra5 Kf8 43. Kg3 Ke7 44. Kxg4 f6 45. Ne4 1-0

[Event "Aeroflot Open 2011 B"]
[Site "Moscu RUS"]
[Date "2011.02.16"]
[Round "9.46"]
[White "Ivakhinova, Inna"]
[Black "Bajt, Indira"]
[Result "1-0"]
[WhiteElo "2324"]
[BlackElo "2215"]
[PlyCount "97"]
[EventDate "2011.02.08"]
[EventType "swiss"]
[EventRounds "9"]
[EventCountry "RUS"]
[Source "lmi"]
[SourceDate "2011.02.08"]

1. d4 Nf6 2. c4 g6 3. Nc3 Bg7 4. e4 d6 5. Be2 O-O 6. Be3 e5 7. Nf3 Na6 8. O-O
Ng4 9. Bg5 Qe8 10. d5 f5 11. Nd2 h6 12. Bh4 g5 13. Bxg4 fxg4 14. Bg3 h5 15. f3
gxf3 16. Rxf3 Rxf3 17. Nxf3 Bg4 18. h3 Bxf3 19. Qxf3 Qg6 20. Rf1 Rf8 21. Qe3
Rxf1+ 22. Kxf1 b6 23. a3 Nc5 24. b4 Nd7 25. Be1 Nf6 26. Ke2 g4 27. hxg4 Nxg4
28. Qf3 a6 29. Kd3 Bh6 30. Bh4 Bg5 31. Be1 Bh6 32. a4 Qg5 33. Na2 Kg7 34. a5
Ne3 35. Bd2 Qxg2 36. Qxg2+ Nxg2 37. Bxh6+ Kxh6 38. b5 h4 39. Nc3 h3 40. Nd1
axb5 41. a6 Nf4+ 42. Ke3 bxc4 43. a7 c3 44. Nxc3 h2 45. a8=Q Nh5 46. Qf8+ Kg5
47. Qg8+ Kf6 48. Qf8+ Kg5 49. Qf3 1-0

[Event "Aeroflot Open 2011 B"]
[Site "Moscu RUS"]
[Date "2011.02.16"]
[Round "9.47"]
[White "Wang, Jue"]
[Black "Mansour, Sameer"]
[Result "1-0"]
[WhiteElo "2252"]
[BlackElo "2332"]
[PlyCount "77"]
[EventDate "2011.02.08"]
[EventType "swiss"]
[EventRounds "9"]
[EventCountry "RUS"]
[Source "lmi"]
[SourceDate "2011.02.08"]

1. e4 c5 2. Nf3 g6 3. d4 cxd4 4. Nxd4 Nc6 5. Nc3 Bg7 6. Be3 Nf6 7. Bc4 O-O 8.
Bb3 a5 9. O-O d6 10. Ndb5 Ra6 11. f3 Be6 12. Bxe6 fxe6 13. f4 a4 14. Qe2 Qc8
15. Rad1 Na5 16. e5 Nd5 17. Nxd5 exd5 18. Rxd5 Qc4 19. Qd3 dxe5 20. fxe5 Rxf1+
21. Kxf1 Ra8 22. Kg1 Rf8 23. Nc3 Qc7 24. Qe4 Nc6 25. Nb5 Qa5 26. c3 e6 27. Rc5
Qd8 28. Nd4 Qd7 29. Qg4 Nd8 30. h3 b6 31. Rb5 a3 32. bxa3 Qc7 33. Bf4 Qc4 34.
Rxb6 h5 35. Qg3 Qxa2 36. Kh2 Qd5 37. Nf3 Qe4 38. Rb4 Qe2 39. Qxg6 1-0

[Event "Aeroflot Open 2011 B"]
[Site "Moscu RUS"]
[Date "2011.02.16"]
[Round "9.48"]
[White "Poghosyan, Suren"]
[Black "Adamowicz, Katarzyna"]
[Result "1-0"]
[WhiteElo "2317"]
[BlackElo "2103"]
[PlyCount "39"]
[EventDate "2011.02.08"]
[EventType "swiss"]
[EventRounds "9"]
[EventCountry "RUS"]
[Source "lmi"]
[SourceDate "2011.02.08"]

1. e4 e5 2. Nf3 Nc6 3. Bb5 Nf6 4. O-O Nxe4 5. Qe2 Nd6 6. Bxc6 dxc6 7. Qxe5+ Qe7
8. Qa5 Be6 9. Re1 Nf5 10. Nc3 a6 11. d3 h6 12. Bf4 O-O-O 13. Be5 Rg8 14. b4 f6
15. Bf4 Rd7 16. Rab1 g5 17. b5 cxb5 18. Nxb5 Qc5 19. Rxe6 gxf4 20. Na7+ 1-0

[Event "Aeroflot Open 2011 B"]
[Site "Moscu RUS"]
[Date "2011.02.16"]
[Round "9.49"]
[White "Kovanova, Baira"]
[Black "Saduakassova, Dinara"]
[Result "1-0"]
[WhiteElo "2391"]
[BlackElo "2225"]
[PlyCount "103"]
[EventDate "2011.02.08"]
[EventType "swiss"]
[EventRounds "9"]
[EventCountry "RUS"]
[Source "lmi"]
[SourceDate "2011.02.08"]

1. e4 c5 2. Nf3 d6 3. d4 cxd4 4. Nxd4 Nf6 5. Nc3 a6 6. g3 e5 7. Nde2 Be7 8. Bg2
b5 9. a4 b4 10. Nd5 Nxd5 11. Qxd5 Ra7 12. Be3 Be6 13. Qd2 Rb7 14. O-O Nd7 15.
f4 Nf6 16. h3 h5 17. a5 Qc8 18. f5 Bd7 19. c3 Qc4 20. b3 bxc3 21. bxc4 cxd2 22.
Rfb1 d1=Q+ 23. Rxd1 Rc7 24. Rdc1 O-O 25. Bb6 Rc6 26. Nc3 Rb8 27. Nd5 Kf8 28.
Nb4 Rcxb6 29. axb6 Rxb6 30. Nxa6 Bc6 31. Nc7 Nd7 32. Nd5 Rb8 33. Rcb1 Rc8 34.
h4 Bd8 35. Bf3 g6 36. fxg6 fxg6 37. Bg2 Kg7 38. Ra7 Kh6 39. Bh3 Rb8 40. Rxb8
Nxb8 41. Kh1 Be8 42. Ne7 Bf7 43. Nf5+ gxf5 44. Rxf7 Kg6 45. Rb7 Nc6 46. Bxf5+
Kf6 47. Rh7 Nd4 48. Rh6+ Ke7 49. Rxh5 Ba5 50. g4 Nf3 51. Rh7+ Kf8 52. g5 1-0

[Event "Aeroflot Open 2011 B"]
[Site "Moscu RUS"]
[Date "2011.02.16"]
[Round "9.50"]
[White "Hernandez, Alexander"]
[Black "Charochkina, Daria"]
[Result "0-1"]
[WhiteElo "2285"]
[BlackElo "2314"]
[PlyCount "100"]
[EventDate "2011.02.08"]
[EventType "swiss"]
[EventRounds "9"]
[EventCountry "RUS"]
[Source "lmi"]
[SourceDate "2011.02.08"]

1. e4 c6 2. d4 d5 3. exd5 cxd5 4. Bd3 Nc6 5. c3 Qc7 6. Ne2 Bg4 7. f3 Bd7 8. Bf4
e5 9. dxe5 Nxe5 10. Bxe5 Qxe5 11. Qb3 Bc5 12. Bb5 Nf6 13. Nd2 O-O 14. O-O-O Bf5
15. g4 a6 16. gxf5 axb5 17. Ng3 Rfc8 18. Kb1 h5 19. Qxb5 h4 20. Rhe1 Qf4 21.
Ne2 Qxf5+ 22. Ka1 Be3 23. Nd4 Qf4 24. Qd3 Re8 25. a3 Re5 26. Nf1 Bxd4 27. cxd4
Rxe1 28. Rxe1 Ra4 29. Rd1 Rc4 30. Ka2 g6 31. Qe3 Nh5 32. Qe8+ Kg7 33. Qe5+ Qxe5
34. dxe5 Rf4 35. Rd3 Rf5 36. Rb3 Rxe5 37. Rxb7 Re1 38. Nd2 Re2 39. Nf1 Rf2 40.
Ne3 Rxh2 41. a4 Re2 42. Ng4 h3 43. a5 Nf6 44. Rc7 Nxg4 45. fxg4 h2 46. Rc1 d4
47. Rh1 d3 48. a6 d2 49. a7 Re1 50. a8=Q d1=Q 0-1

[Event "Aeroflot Open 2011 B"]
[Site "Moscu RUS"]
[Date "2011.02.16"]
[Round "9.51"]
[White "Berube, Antoine"]
[Black "Dolzhykova, Kateryna"]
[Result "1-0"]
[WhiteElo "2146"]
[BlackElo "2303"]
[PlyCount "163"]
[EventDate "2011.02.08"]
[EventType "swiss"]
[EventRounds "9"]
[EventCountry "RUS"]
[Source "lmi"]
[SourceDate "2011.02.08"]

1. d4 d5 2. c4 c6 3. Nc3 Nf6 4. e3 e6 5. Nf3 Nbd7 6. Bd3 dxc4 7. Bxc4 b5 8. Bd3
Bd6 9. O-O O-O 10. a4 b4 11. Ne4 Nxe4 12. Bxe4 Bb7 13. a5 a6 14. Nd2 Qc7 15. g3
c5 16. Qf3 Bxe4 17. Nxe4 c4 18. Bd2 Be7 19. g4 Rac8 20. Rfc1 Qc6 21. Qg2 Qb5
22. f4 Nf6 23. Nxf6+ Bxf6 24. g5 Bd8 25. Qe4 Bxa5 26. Qe5 c3 27. bxc3 bxc3 28.
Be1 Bb4 29. Qxb5 axb5 30. Rab1 Rc4 31. Kf1 Rfc8 32. Rc2 f5 33. gxf6 gxf6 34.
Ke2 Kf7 35. Kd3 f5 36. Ra1 Ke7 37. Ra7+ R8c7 38. Ra8 Kd7 39. Ra6 Be7 40. Rxc3
Bb4 41. Rxc4 bxc4+ 42. Ke2 Bxe1 43. Kxe1 Rb7 44. Kd2 Rb2+ 45. Kc3 Rxh2 46. Kxc4
Rc2+ 47. Kd3 Rc6 48. Ra2 Kd6 49. e4 Rc7 50. e5+ Kc6 51. Ra6+ Kd7 52. d5 exd5
53. Kd4 Rc6 54. Ra5 Ke6 55. Rxd5 Ra6 56. Rd8 Ra4+ 57. Ke3 Ra3+ 58. Kf2 Ke7 59.
Rd6 Ra2+ 60. Kg3 Ra8 61. Rf6 Rg8+ 62. Kf3 Rf8 63. Rh6 Rf7 64. Ke3 Kf8 65. Kd4
Kg7 66. Rh5 Kg6 67. Rg5+ Kh6 68. Rg8 Rg7 69. Rf8 Rg1 70. Rxf5 Rd1+ 71. Ke4 Kg6
72. Rf6+ Kg7 73. Kf5 h5 74. Rg6+ Kf7 75. Rh6 Rh1 76. e6+ Ke7 77. Rh7+ Kd6 78.
Rd7+ Kc6 79. Rd2 Re1 80. Kf6 h4 81. Rh2 Kd6 82. f5 1-0